000 02400nam a2200229Ia 4500
003 Ost
005 20260507075110.0
008 260507s9999||||xx |||||||||||||| ||und||
040 _cfsecg
041 _aara
082 _a330
100 _aالزغبي، محمد بلال
_eمؤلف
245 0 _aالنظام الاحصائي SPSS :
_bفهم وتحليل البيانات للإحصائية /
_c محمد بلال الزغبي
260 _aعمان:
_bدار وائل للطباعة والنشر,
_c2003
300 _a275 صفحة؛
_bجداول وأشكال
_c24 سم
520 _aيحتوي هذا الكتاب على جوانب التي يحتاجها الباحث بشكل متسلسل ومفصل ففي الفصل الأول مقدمة إلى علم الاحصاء وتعريف بالمتغيرات وأنواعها والعينات وطرق جمع البيانات احتوى الفصلان الثاني والثالث الخطوات التالية بعد جمع البيانات وهي عملية الترميز وادخال البيانات التعامل مع الملفاتوتجهيزاها تمهيد لعملية التحليل واشتمل الفصل الرابع على الاجراءات التنظيمية للملفات التي تسبق عملية التحليل من انشاء لمتغيرات جديدة ستستخدم في التحليل أو اعادة لترميز المتغيرات الموجودة وذلك تمهيد التحليل ، أما الفصول التالية فقد تناولت عمليات تحليل البيانات ففي الفصلين الخامس والسادس شرح للاجراءات الاحصائية التي تستخدم لوصف المتغيرات بجميع أنواعها سواء من خلا الطرق الوصفية الرقمية أم الرسوم البيانية وقد أضيف اجراء crosstals اختبار مربع كاي وتطرقت الفصول 7-8-9- إلى الطرق الاحصائية المتقدمة المستخدمة لاجراء الاختبارات الاحصائية تمهيد لاتخاذ القرارات ، وذلك من خلال مجموعة من الامثلة الحقيقية لمشكلات بحثية .
653 _aالبرمجة
653 _aنظام احصائي
653 _aspss الحاسوب
700 _aالطلافحة، عباس أ.
_eمؤلف ثانوي
942 _cكتاب
999 _c42885
_d42885